000 00810cab a2200229 4500
001 ABS58453
008 090401t1998 xxu||||| |||| 00| 0 eng d
035 _a(Sirsi) u84879
041 _aeng
100 _aSmith, B.
245 _aNLIS 1998 faith in the future
260 _c1998
350 _a0
490 _aMapping Awareness
_v12(2) March 1998, 22-24(3)
520 _aProgress report on the National Land Information Service (NLIS). The NLIS Steering Group having completed its feasibility study is about to submit proposals to government. Three firms of solicitors in Bristol are carrying out a pilot study.
650 _aLAND REGISTRATION
650 _aNATIONAL LAND INFORMATION SERVICE
650 _aNATIONAL LAND INFORMATION SERVICE
690 _aLAND
942 _n0
948 _c13/03/1998
999 _c53381
_d53381